| 000 | 00854cam a2200277 i 4500 | ||
|---|---|---|---|
| 999 |
_c200454857 _d73069 |
||
| 001 | 000764112 | ||
| 003 | TR-AnTOB | ||
| 005 | 20231009100523.0 | ||
| 007 | ta | ||
| 008 | 080717s1978 tu d f 001 0 tur | ||
| 040 |
_aTR-AnTOB _beng _erda _cTR-AnTOB |
||
| 041 | 1 | _atur | |
| 060 | _aWU 480 | ||
| 096 |
_aWU480 _bK97 1978 TıpFaK |
||
| 100 | 1 |
_aKüçüküçerler, Bedii _eauthor _9143911 |
|
| 245 | 1 | 0 |
_aPedodonti / _cBedii Küçüküçerler. |
| 250 | _aİkinci baskı | ||
| 264 | 1 |
_aAnkara : _bAnkara Üniversitesi Diş Hekimliği Fakültesi, _c1978. |
|
| 300 |
_a343 pages : _billustrations ; _c19 cm |
||
| 336 |
_atext _btxt _2rdacontent |
||
| 337 |
_aunmediated _bn _2rdamedia |
||
| 338 |
_avolume _bnc _2rdacarrier |
||
| 490 |
_aAnkara Ünivesitesi Diş Hekimliği Fakültesi Yayınları; _v9 |
||
| 942 |
_2NLM _cBK |
||